000 00699nam a2200229 i 4500
001 C2-0213030
003 PPAK
005 20180728103627.0
008 990401s1986 my |||| ||||| | may d
040 _aPPAK
_beng
_cPPAK
_erda
082 0 4 _a959.5112
_2 23
090 0 0 _a959.5112
_bSEJ
_dKK
245 0 0 _aSejarah Yan
264 1 _aAlor Setar, Kedah :
_bPerbadanan Perpustakaan Awam Kedah ,
_c1986
300 _a12 pages ;
_c33 cm
336 _2rdacontent
_atext
337 _2rdamedia
_aunmediated
338 _2rdacarrier
_avolume
500 _aTrankripsi temubual Puan Nabihah dan Encik Hashim Samin dengan Tuan Haji Ahmad ; Tiada Pita Kaset
650 1 0 _aKedah - History.
942 _ddc
_cB
999 _c158942
_d158942